Introducing Revit architecture 2010 : (Record no. 353207)
[ view plain ]
| 000 -LEADER | |
|---|---|
| fixed length control field | 01178 a2200277 4500 |
| 003 - CONTROL NUMBER IDENTIFIER | |
| control field | OSt |
| 005 - DATE AND TIME OF LATEST TRANSACTION | |
| control field | 20180116192358.0 |
| 008 - FIXED-LENGTH DATA ELEMENTS--GENERAL INFORMATION | |
| fixed length control field | 120524t xxu||||| |||| 00| 0 eng d |
| 010 ## - LIBRARY OF CONGRESS CONTROL NUMBER | |
| LC control number | 2009016550 |
| 020 ## - INTERNATIONAL STANDARD BOOK NUMBER | |
| International Standard Book Number | 9780470473559 (paper/website) |
| 040 ## - CATALOGING SOURCE | |
| Transcribing agency | 0 |
| 082 00 - DEWEY DECIMAL CLASSIFICATION NUMBER | |
| Classification number | 720.2840285536 |
| 100 1# - MAIN ENTRY--PERSONAL NAME | |
| Personal name | Dzambazova, Tatjana. |
| 9 (RLIN) | 2029 |
| 245 10 - TITLE STATEMENT | |
| Title | Introducing Revit architecture 2010 : |
| Remainder of title | BIM for beginners / |
| Statement of responsibility, etc. | Tatjana Dzambazova, Eddy Krygiel, Greg Demchak. |
| 246 30 - VARYING FORM OF TITLE | |
| Title proper/short title | BIM for beginners |
| 250 ## - EDITION STATEMENT | |
| Edition statement | 1st ed. |
| 260 ## - PUBLICATION, DISTRIBUTION, ETC. | |
| Place of publication, distribution, etc. | Indianapolis, Ind. : |
| Name of publisher, distributor, etc. | Wiley Pub., |
| Date of publication, distribution, etc. | 2009. |
| 300 ## - PHYSICAL DESCRIPTION | |
| Extent | 480 p . : |
| Other physical details | ill. ; |
| Dimensions | 26 cm. |
| 505 0# - FORMATTED CONTENTS NOTE | |
| Formatted contents note | Understanding BIM -- Getting acquainted : interface and file types -- Views -- Modeling basics -- Modifying elements -- Extended modeling -- Working with other applications -- Preparing docs for clients -- Sheets -- Annotations. |
| 650 10 - SUBJECT ADDED ENTRY--TOPICAL TERM | |
| Topical term or geographic name entry element | Architectural drawing |
| General subdivision | Computer-aided design. |
| 9 (RLIN) | 2030 |
| 650 10 - SUBJECT ADDED ENTRY--TOPICAL TERM | |
| Topical term or geographic name entry element | Architectural design |
| General subdivision | Data processing. |
| 9 (RLIN) | 2031 |
| 700 1# - ADDED ENTRY--PERSONAL NAME | |
| Personal name | Krygiel, Eddy, |
| Dates associated with a name | 1972- |
| 9 (RLIN) | 2032 |
| 700 1# - ADDED ENTRY--PERSONAL NAME | |
| Personal name | Demchak, Greg. |
| 9 (RLIN) | 2033 |
| 942 ## - ADDED ENTRY ELEMENTS (KOHA) | |
| Institution code [OBSOLETE] | SADA |
| Koha item type | Book |
| Call number prefix | 720.2840285536 DZE 2009 |
| Source of classification or shelving scheme | |
| Withdrawn status | Lost status | Source of classification or shelving scheme | Damaged status | Not for loan | Permanent Location | Current Location | Date acquired | Total Checkouts | Total Renewals | Full call number | Barcode | Date last seen | Date last checked out | Cost, replacement price | Price effective from | Koha item type |
|---|---|---|---|---|---|---|---|---|---|---|---|---|---|---|---|---|
| School of Art Design and Architecture (SADA) | School of Art Design and Architecture (SADA) | 02/10/2011 | 7 | 2 | 720.2840285536 DZA 2009 | SADA0000607 | 02/25/2016 | 01/18/2016 | 0.00 | 08/05/2011 | Book |
